<?xml version="1.0" encoding="UTF-8"?><?xml-stylesheet type="text/xsl" href="static/style.xsl"?><OAI-PMH xmlns="http://www.openarchives.org/OAI/2.0/" xmlns:xsi="http://www.w3.org/2001/XMLSchema-instance" xsi:schemaLocation="http://www.openarchives.org/OAI/2.0/ http://www.openarchives.org/OAI/2.0/OAI-PMH.xsd"><responseDate>2026-04-17T02:56:19Z</responseDate><request verb="GetRecord" identifier="oai:www.recercat.cat:2117/370895" metadataPrefix="marc">https://recercat.cat/oai/request</request><GetRecord><record><header><identifier>oai:recercat.cat:2117/370895</identifier><datestamp>2025-07-23T03:55:14Z</datestamp><setSpec>com_2072_1033</setSpec><setSpec>col_2072_452951</setSpec></header><metadata><record xmlns="http://www.loc.gov/MARC21/slim" xmlns:dcterms="http://purl.org/dc/terms/" xmlns:xsi="http://www.w3.org/2001/XMLSchema-instance" xmlns:doc="http://www.lyncode.com/xoai" xsi:schemaLocation="http://www.loc.gov/MARC21/slim http://www.loc.gov/standards/marcxml/schema/MARC21slim.xsd">
   <leader>00925njm 22002777a 4500</leader>
   <datafield ind2=" " ind1=" " tag="042">
      <subfield code="a">dc</subfield>
   </datafield>
   <datafield ind2=" " ind1=" " tag="720">
      <subfield code="a">Colomer Pastor, Glòria</subfield>
      <subfield code="e">author</subfield>
   </datafield>
   <datafield ind2=" " ind1=" " tag="260">
      <subfield code="c">2022-06</subfield>
   </datafield>
   <datafield ind2=" " ind1=" " tag="520">
      <subfield code="a">Aquest treball vol ser una recerca i una reflexió sobre com fer un turisme més racional econòmicament, més equitatiu socialment i més respectuós amb el medi ambient. El nostre objectiu general és analitzar l’estat de la sostenibilitat turística a Barcelona. Com a objectius específics ens proposem estudiar, per una banda, tres programes del Pla estratègic de turisme 2020 de l’Ajuntament de Barcelona – Atractius turístics, mobilitat i allotjaments – Per una altra banda, analitzarem, en concret, la problemàtica del turisme massificat en la població resident al barri de la Sagrada Família. I, finalment, formularem unes propostes de millora per tendir a un turisme més sostenible i de qualitat. A nivell metodològic, l’estudi es realitza amb la revisió bibliogràfica de la temàtica del turisme urbà i sostenibilitat. Tanmateix es consulten informes i estadístiques de l’activitat turística a Barcelona, així com la documentació relativa al Pla estratègic de turisme 2020 de la ciutat. Per copçar la situació al Barri de la Sagrada Família, es realitzen 63 enquestes i algunes entrevistes als veïns, i també el recull d’opinions expressats per l’Associació de veïns en articles de les seves revistes. Finalment arribarem a les conclusions amb unes reflexions sobre com tendir a un model de turisme alternatiu a Barcelona, sostenible, responsable i de millor qualitat.</subfield>
   </datafield>
   <datafield tag="653" ind2=" " ind1=" ">
      <subfield code="a">Tourism -- Barcelona</subfield>
   </datafield>
   <datafield tag="653" ind2=" " ind1=" ">
      <subfield code="a">Turisme -- Barcelona</subfield>
   </datafield>
   <datafield ind2="0" ind1="0" tag="245">
      <subfield code="a">Turisme alternatiu a Barcelona: el cas del barri de la Sagrada Família</subfield>
   </datafield>
</record></metadata></record></GetRecord></OAI-PMH>